Les pilotes ART en GP2/Formule 2 - Statistiques

Statistiques générales
  • Ce quiz a été pris 31 fois
    4 depuis la dernière actualisation
  • Le résultat moyen est 10 sur 36
Statistiques - réponses
Année Série Pilote n°1 Pilote n°2 Pilote n°3 Pilote n°4 % Correct
2023 F2 Théo Pourchaire Victor Martins
100%
2024 F2 Victor Martins Zak O'Sullivan Luke Browning
100%
Zak O'Sullivan
75%
George Russell
50%
Lewis Hamilton
50%
Luke Browning
50%
Nico Hülkenberg
50%
2005 GP2 Nico Rosberg Alexandre Prémat
50%
2019 F2 Nikita Mazepin Nyck de Vries
50%
Nyck de Vries
50%
2015 GP2 Stoffel Vandoorne Nobuharu Matsushita
50%
Alexander Albon
25%
2006 GP2 Alexandre Prémat Lewis Hamilton
25%
2021 F2 Christian Lundgaard Théo Pourchaire
25%
2022 F2 Frederik Vesti Théo Pourchaire
25%
2018 F2 Jack Aitken George Russell
25%
2010 GP2 Jules Bianchi Sam Bird
25%
2011 GP2 Jules Bianchi Esteban Gutiérrez
25%
2020 F2 Marcus Armstrong Christian Lundgaard
25%
Romain Grosjean
25%
Sébastien Buemi
25%
Sergey Sirotkin
25%
Daniel Abt
0%
2012 GP2 Esteban Gutiérrez James Calado
0%
2013 GP2 James Calado Daniel Abt
0%
2008 GP2 Luca Filippi Romain Grosjean Sakon Yamamoto
0%
Lucas di Grassi
0%
2007 GP2 Michael Ammermüller Lucas di Grassi Mikhail Aleshin Sébastien Buemi
0%
Mikhail Aleshin
0%
2016 GP2 Nobuharu Matsushita Sergey Sirotkin René Binder
0%
2017 F2 Nobuharu Matsushita Alexander Albon Sergey Sirotkin
0%
2009 GP2 Pastor Maldonado Nico Hülkenberg
0%
René Binder
0%
Sakon Yamamoto
0%
Sam Bird
0%
2014 GP2 Takuya Izawa Stoffel Vandoorne
0%
Aucun quiz correspondant
Distribution des résultats
% des personnes avec chaque résultat
Percentile par nombre de réponses
Votre historique - résultats
Vous n’avez pas pris ce quiz depuis la dernière actualisation